Word Laddyrinth 3D Quiz Stats

 Plays Quiz Updated Jun 8, 2018

Also try: Word Laddyrinth
Challenge
Share
Tweet
Embed
Score 0/180 Timer 16:00
1 Play Today
% Correct
DEN
98.9%
You awake in a dark...
98.6%
writing instrument
98.5%
seven plus three
98.5%
~0~O~0~O~0~O~0~
98.2%
~0~O~0~O~0~O~0~
98.2%
TEN
97.2%
bronze ingredient
97.2%
PEN
97.1%
▲skillet
97.1%
~0~O~0~O~0~O~0~
92.5%
~0~O~0~O~0~O~0~
92.5%
~0~O~0~O~0~O~0~
92.4%
~0~O~0~O~0~O~0~
92.4%
PAN
91.7%
▽extent of a bridge
91.7%
~0~O~0~O~0~O~0~
88.2%
~0~O~0~O~0~O~0~
88.2%
TIN
88%
▲sloth or envy, eg
88%
~0~O~0~O~0~O~0~
86.4%
~0~O~0~O~0~O~0~
86.4%
~0~O~0~O~0~O~0~
85.7%
~0~O~0~O~0~O~0~
85.7%
~0~O~0~O~0~O~0~
85.6%
~0~O~0~O~0~O~0~
85.6%
~0~O~0~O~0~O~0~
84.1%
~0~O~0~O~0~O~0~
84.1%
~0~O~0~O~0~O~0~
84.1%
~0~O~0~O~0~O~0~
84.1%
SIN
83.9%
▽kitchen basin
83.9%
~0~O~0~O~0~O~0~
82.5%
~0~O~0~O~0~O~0~
82.5%
~0~O~0~O~0~O~0~
82.3%
~0~O~0~O~0~O~0~
82.3%
ill
82%
SINK
82%
touch with the tongue
78.5%
SICK
78.5%
▲deadbolt, eg
77.8%
LICK
77.8%
LOCK
75.1%
▽obstruct
75.1%
glance over
73%
SPAN
73%
~0~O~0~O~0~O~0~
72.6%
~0~O~0~O~0~O~0~
72.6%
~0~O~0~O~0~O~0~
71.8%
~0~O~0~O~0~O~0~
71.8%
~0~O~0~O~0~O~0~
70.3%
~0~O~0~O~0~O~0~
70.3%
~0~O~0~O~0~O~0~
70%
~0~O~0~O~0~O~0~
70%
BLOCK
69.9%
completely dark
69.9%
BLACK
69.6%
not taut or tight
69.6%
~0~O~0~O~0~O~0~
69.6%
~0~O~0~O~0~O~0~
69.6%
% Correct
~0~O~0~O~0~O~0~
68.6%
~0~O~0~O~0~O~0~
68.6%
SLACK
68.2%
smooth and slippery
68.2%
~0~O~0~O~0~O~0~
67.5%
~0~O~0~O~0~O~0~
67.5%
~0~O~0~O~0~O~0~
67.5%
~0~O~0~O~0~O~0~
67.5%
SLICK
67.4%
to cut
67.4%
~0~O~0~O~0~O~0~
67.2%
~0~O~0~O~0~O~0~
67.2%
SCAN
65.9%
▼surgery remnant
65.9%
~0~O~0~O~0~O~0~
65%
~0~O~0~O~0~O~0~
65%
~0~O~0~O~0~O~0~
64.9%
~0~O~0~O~0~O~0~
64.9%
△vehicle
63.5%
SCAR
63.5%
~0~O~0~O~0~O~0~
63.1%
~0~O~0~O~0~O~0~
63.1%
hated rodent
63%
CAT
63%
SLICE
62.8%
pepper, eg
62.8%
CAR
62.3%
RAT
62.3%
▼feline
62.3%
▲male sheep
62.3%
~0~O~0~O~0~O~0~
61.8%
~0~O~0~O~0~O~0~
61.8%
tower
61.4%
~0~O~0~O~0~O~0~
61.4%
~0~O~0~O~0~O~0~
61.4%
SPICE
61.4%
RAM
60.7%
▽unit of mass
60.7%
GRAM
54.3%
▲pack tight; stuff
54.3%
mushroom seed
54.1%
SPIRE
54.1%
~0~O~0~O~0~O~0~
54.1%
~0~O~0~O~0~O~0~
54.1%
CRAM
53.4%
▽coffee addition
53.4%
◤COMBINE and ◥ △
52.3%
◣UNSCRAMBLE◢ ▽
52.3%
retail business
51.7%
SPORE
51.7%
▼grave marker
51.4%
STORE
51.4%
△pitch; volume
50.4%
STONE
50.4%
~0~O~0~O~0~O~0~
50.2%
~0~O~0~O~0~O~0~
50.2%
old floorboards sound
48.1%
CREAM
48.1%
nocturnal image
48.1%
destroy; shatter
47.3%
% Correct
CREAK
47.3%
TONE
47.1%
▼carry; lug
47.1%
baked flour product
45.5%
BREAK
45.5%
BREAD
44.8%
DREAM
44.1%
▼fear greatly
44.1%
►VOTE◄
43.1%
△peruse writing
43%
DREAD
43%
△body part
42.9%
TOTE
42.9%
cast a ballot
42.9%
►REAL◄
41.2%
genuine
41.1%
READ
40.9%
TOE
37.8%
DRIFT
36.2%
rough sketch
35%
DRAFT
34.9%
trade requiring dexterity
34.9%
Ϩ - WHEEEEEE - Ϩ
34.9%
Ϩ - WHEEEEEE - Ϩ
34.9%
*5 LETTER WORDS* ▷
34.9%
CRAFT
33.4%
jaw or chap
33.4%
~0~O~0~O~0~O~0~
25.6%
~0~O~0~O~0~O~0~
25.6%
path; trail
24%
CRACK
24%
◅◤COMBINE and ◥ ▻
23.4%
◅◣UNSCRAMBLE◢▻
23.4%
fool
22.4%
TRACK
22.3%
cost
21.7%
SHAFT
21.7%
►PRICE◄
21.7%
spear handle
21.6%
CHAFT
21.6%
PRICK
21.5%
stab with a pin
21%
TRICK
21%
~0~O~0~O~0~O~0~
19.5%
~0~O~0~O~0~O~0~
19.5%
imbibed
18.7%
WELL DONE! YOU'VE
18.6%
REACHED THE ROOF
18.6%
miniature representation
18.6%
a split; fissure
17.9%
CRANK
17.9%
shaft-turning device
17.8%
DRANK
17.8%
◄HOTEL►
17.3%
lodging establishment
17.1%
MOTEL
17.1%
parking accessible inn
17.1%
MODEL
17.1%
YOU ESCAPED !
12.8%
***FREEDOM***
12.7%

You're not logged in!

Compare scores with friends on all Sporcle quizzes.
Join for Free
OR
Log In

You Might Also Like...

Show Comments

Extras

Top Quizzes Today


Score Distribution

Your Account Isn't Verified!

In order to create a playlist on Sporcle, you need to verify the email address you used during registration. Go to your Sporcle Settings to finish the process.

Report this User

Report this user for behavior that violates our Community Guidelines.

Details: